| 000 | 00361pab a2200145 454500 | ||
|---|---|---|---|
| 008 | 180718b1985 xxu||||| |||| 00| 0 eng d | ||
| 100 | _aBland - Flagg, G.D. | ||
| 245 | _aElectronic data capture and analysis in forestry | ||
| 260 | _c1985 | ||
| 300 | _a8-10 | ||
| 362 | _aAug. | ||
| 650 | _aComputers - Forests | ||
| 773 | _aManagement Service | ||
| 909 | _a6423 | ||
| 999 |
_c6423 _d6423 |
||